| 000 | 02584nam a2200313 i 4500 | ||
|---|---|---|---|
| 003 | EG-GICUC | ||
| 005 | 20260425185017.0 | ||
| 008 | 260425s2005 ua |||fr|||| 00| 0 Ara d | ||
| 040 |
_a EG-GICUC _bara _c EG-GICUC _d EG-GICUC _erda |
||
| 041 | 0 | _aAra | |
| 082 | 0 | 4 |
_221 _a343.3754 _bع ب . م |
| 092 | 0 | 4 | _221 |
| 099 | _aLaw1 10 343.3754 ع ب . م 2005 | ||
| 100 | 0 |
_aعبدالحكم فودة _eمؤلف. |
|
| 245 | 1 | 2 |
_aالموسوعة العملية فى البطلان فى ضوء الفقه وقضاء النقض. _nالمجلد الرابع، _pبطلان فى قانون الإجراءات الجنائية، _pماهية البطلان - ماهية الإنعدام - المقصود بالإجراء الجنائي - الإجراء الجوهري وغير الجوهري - البطلان والسقوط - البطلان وعدم القبول . البطلان والخطأ فى تطبيق القانون - البطلان القانوني - البطلان الثاني. البطلان المطلق - البطلان النسبي - حالات البطلان المطلق والنسبي . بطلان القبض - بطلان التفتيش - بطلان الاستجواب - بطلان الكشف عن التليس - بطلان التكليف بالحضور بطلان الحكم ذاته . بطلان الإجراء المؤثر فى الحكم بطلان الاعتراف - التمسك بالبطلان أثناء التحقيق. التمسك بالبطلان أثناء المحاكمة - أسباب البطلان - نقض الحكم بسبب البطلان التصدى بعد تصحيح البطلان التنازل عن البطلان . سقوط الحق في البطلان - تقرير البطلان - نتائج البطلان - تحول وتجديد الاجراء الباطل - تصحيح البطلان / _cتأليف الدكتور عبدالحكم فودة. |
| 264 | 1 |
_aالقاهرة : _aالإسكندية : _bالمكتب الفنى للموسوعات القانونية، _c2005. |
|
| 300 |
_a528 ؛صفحة _c24 سم. _bإيضاحيات، صور، مثيليات ؛ |
||
| 336 |
_2rda content _atext |
||
| 337 |
_2rda media _aComputer |
||
| 338 |
_2rda carrier _aOnline Resource |
||
| 504 | _a. 240-220 ببليوجرافيا: صفحات. | ||
| 546 | _aالنص باللغة العربية | ||
| 650 | 1 |
_aالإجراءات أمام محكمة النقض _2qrmak |
|
| 650 | 1 |
_aالقانون الجنائى _2qrmak |
|
| 651 | 1 | _2qrmak | |
| 856 | 4 | 0 | _uhttps://fll.law.cu.edu.eg/fulltext/bks/B10-10708.pdf |
| 905 | _a54 | ||
| 942 |
_2ddc _cBK _e21 _n0 |
||
| 999 |
_c73349 _d73349 |
||